Central Library and Information Centre
Sibsagar Girls' College, Sivasagar : Assam

ANIMAL PHYSIOLOGY AND BIOCHEMISTRY (Record no. 11223)

MARC details
000 -LEADER
fixed length control field 00452cam a2200181ua 4500
008 - FIXED-LENGTH DATA ELEMENTS--GENERAL INFORMATION
fixed length control field 190403n2007 II |||gr||||Z||||||eng
040 ## - CATALOGING SOURCE
Original cataloging agency MAIN
041 ## - LANGUAGE CODE
-- English
082 ## - DEWEY DECIMAL CLASSIFICATION NUMBER
Classification number 571 AGA
100 ## - MAIN ENTRY--PERSONAL NAME
Personal name AGARWAL, R.A.
245 ## - TITLE STATEMENT
Title ANIMAL PHYSIOLOGY AND BIOCHEMISTRY
260 ## - PUBLICATION, DISTRIBUTION, ETC.
Place of publication, distribution, etc. NEW DELHI
Name of publisher, distributor, etc. S.CHAND & COMPANY
Date of publication, distribution, etc. 2007
300 ## - PHYSICAL DESCRIPTION
Extent 440.:
Dimensions 22CM.
700 ## - ADDED ENTRY--PERSONAL NAME
Personal name SRIVASTAVA, S.K.
942 ## - ADDED ENTRY ELEMENTS (KOHA)
Koha item type Books
653 ## - INDEX TERM--UNCONTROLLED
Uncontrolled term Physiology & related subjects
Holdings
Withdrawn status Lost status Damaged status Not for loan Collection code Home library Current library Shelving location Date acquired Total Checkouts Full call number Barcode Date last seen Date last checked out Copy number Price effective from Koha item type Public note
        TBZOO Central Library and Information Centre Sibsagar Girls College Central Library and Information Centre Sibsagar Girls College ZOOLOGY BOOK RACK 01.08.2006 2 571 AGA 21809 01.04.2026 25.03.2026 1 27.02.2020 Books V


Sibsagar Girl's College © 2020. All rights reserved.
Powered by Koha.
Maintained by Abhijit Borpuzari.